University Home | Library Home | Institutional Repository

Storm over Asia/ (Record no. 117701)

MARC details
000 -LEADER
fixed length control field 00463cam a2200169 4500
008 - FIXED-LENGTH DATA ELEMENTS--GENERAL INFORMATION
fixed length control field 120727n 000 0 eng u
020 ## - INTERNATIONAL STANDARD BOOK NUMBER
International Standard Book Number 9781845113742
035 ## - SYSTEM CONTROL NUMBER
System control number (Sirsi) a176943
050 ## - LIBRARY OF CONGRESS CALL NUMBER
Classification number PN 1997.85 SAR 2007
100 ## - MAIN ENTRY--PERSONAL NAME
Personal name Sargeant, Amy
245 ## - TITLE STATEMENT
Title Storm over Asia/
Statement of responsibility, etc. by Amy Sargeant
260 ## - PUBLICATION, DISTRIBUTION, ETC.
Place of publication, distribution, etc. I.B New York:
Name of publisher, distributor, etc. Tauris,
Date of publication, distribution, etc. 2007
300 ## - PHYSICAL DESCRIPTION
Extent 104p.
504 ## - BIBLIOGRAPHY, ETC. NOTE
Bibliography, etc. note Includes bibliographical notes
650 ## - SUBJECT ADDED ENTRY--TOPICAL TERM
Topical term or geographic name entry element Books, filmed
650 ## - SUBJECT ADDED ENTRY--TOPICAL TERM
Topical term or geographic name entry element filmed books
Holdings
Withdrawn status Lost status Source of classification or shelving scheme Damaged status Not for loan Home library Current library Shelving location Total Checkouts Full call number Barcode Date last seen Copy number Price effective from Koha item type
    Library of Congress Classification     Main Library Main Library On Shelf   PN 1997.85 SAR 2007 33729004880386 08/21/2019 1 08/21/2019 Book
© 2026 - The University of Zambia Library - Koha v25.11